000 00290nam a22001337a 4500
008 171103b xxu||||| |||| 00| 0 eng d
020 _a0669108324
041 _aeng
080 _a339.138
100 _a60
101 _aMAR
245 _aMARKETING ETHICS
_cLACZNIAK.G.R
942 _2udc
_cBK
999 _c37512
_d37512